Alaska Airlines Destinations from OGG (Kahului) - Statistics

General Stats
  • This quiz has been taken 10 times
  • The average score is 14 of 15
Answer Stats
Hint Answer % Correct
Alaska (Seasonal) Anchorage
100%
Hawaii Honolulu
100%
Nevada Las Vegas
100%
California Los Angeles
100%
California Oakland
100%
Oregon Portland
100%
California Sacramento
100%
California San Diego
100%
California San Jose
100%
Washington Seattle/Tacoma
100%
California San Francisco
90%
Hawaii Kailua/Kona
80%
California Long Beach
80%
Hawaii Hilo
70%
Hawaii Lihue
70%
No matching quizzes found
Score Distribution
Percent of People with Each Score
Percentile by Number Answered
Your Score History
You have not taken this quiz